Guess The Random Country A-Z With Clues! #1 - Statistics

General Stats
  • This quiz has been taken 2,351 times
  • The average score is 22 of 26
Answer Stats
Letter Hint Answer % Correct
A Biggest Country In Africa Algeria
95%
F A country Near Scandinavia Bordering Sweden. Finland
92%
R Biggest Country By Far In The World Russia
91%
D Island Country Bordering only Haiti Dominican Republic
90%
I South Asian Country completely Made up of Islands Indonesia
89%
J Middle East Country Bordering Israel Jordan
89%
O Arabic Country In The Middle East Oman
89%
Q Middle East Country Right By United Arab Emirates Qatar
89%
C Once part of Yugoslavia Croatia
88%
Y An Arabic Country in the Middle East Yemen
88%
P The only North American country that touches South America Panama
86%
S Country In Africa That Have Lesotho And Most Of Eswatini in it South Africa
86%
T Northernmost Country In Africa Tunisia
85%
V Poorest South American Country By GDP per Capita Venezuela
84%
Z One of the most Roundest Countries In The World Zimbabwe
84%
B An island country in the Middle East Bahrain
83%
N Largest Central American Country Nicaragua
83%
G Country Almost completely inside Senegal Gambia
82%
L Landlocked Asian country Controlled Once by France Laos
82%
H Once was Controlled by the Ottoman Empire Hungary
80%
W There is None So the Answer Is None! None
80%
X There is None So the Answer Is None! None
80%
K Oceanic Country with 33 islands Kiribati
79%
U One of Two Countries That Are Said to be “Doubly Landlocked” Uzbekistan
76%
M Small African Island Country That Won a Bronze Olympic Medal Mauritius
75%
E Colonized By Indonesia And Portugal in South Asia East Timor
74%
No matching quizzes found
Score Distribution
Percent of People with Each Score
Percentile by Number Answered
Your Score History
You have not taken this quiz